000 01406nam2a22002651 4500
001 RU\NLR\INFOCOMM19\1000082981
005 20040609135600.0
035 _a(NLR Aleph) 002581602
090 _a3280601
_c3280601
100 _a20040609d1976 |||y0rusy50 ba
101 0 _arus
102 _aRU
105 _ay |||||||||
200 1 _aНекоторые вопросы теории жидкого состояния
_fГ.С. Асланян, С.А. Тригер
210 _d1976
461 0 _1001RU\NLR\INFOCOMM19\1000082979
_12001#$aОбзоры по теплофизическим свойствам веществ$eОбзорная информация$fАН СССР. Ин-т высоких температур. Науч.-информ. центр по теплофиз. свойствам чистых веществ$v1976, №2
_93280583
_cМ.
_d1976-
_fАН СССР. Ин-т высоких температур. Науч.-информ. центр по теплофиз. свойствам чистых веществ
_oОбзорная информация
_tОбзоры по теплофизическим свойствам веществ
_v1976, №2
700 1 _aАсланян
_bГ. С.
_4070
701 1 _aТригер
_bС. А.
_4070
801 0 _aRU
_bNLR
_gPSBO
801 1 _aRU
_bInfoComm
_c20040609
852 _aNLR
_jП7/1752
942 _cISSUE
980 _aNB
980 _aRUSPER